| Tag |
First Indicator |
Second Indicator |
Subfields |
| LEADER |
00000pam a2200000 i 4500 |
| 001 |
in00000037843 |
| 005 |
20151007080649.0 |
| 008 |
790807s1980 coua b 00000 eng |
| 010 |
|
|
|a 79018169
|
| 020 |
|
|
|a 0891585796
|
| 035 |
|
|
|a (OCoLC)05310862
|
| 035 |
|
|
|9 AAF5174AM
|
| 040 |
|
|
|a DLC
|c DLC
|d TXA
|d UtOrBLW
|
| 043 |
|
|
|a e-gw---
|
| 049 |
|
|
|a TXAM
|c [979522]
|
| 050 |
0 |
0 |
|a DD259.4
|b .W426
|
| 082 |
0 |
|
|a 327.43
|
| 245 |
0 |
0 |
|a West German foreign policy, 1949-1979 /
|c edited by Wolfram F. Hanrieder.
|
| 264 |
|
1 |
|a Boulder, Colo. :
|b Westview Press,
|c 1980.
|
| 300 |
|
|
|a xii, 245 pages :
|b illustrations ;
|c 24 cm.
|
| 336 |
|
|
|a text
|b txt
|2 rdacontent
|
| 337 |
|
|
|a unmediated
|b n
|2 rdamedia
|
| 338 |
|
|
|a volume
|b nc
|2 rdacarrier
|
| 490 |
1 |
|
|a Westview special studies in West European politics and society
|
| 500 |
|
|
|a Papers presented at a January 1979 conference sponsored by the Konrad Adenauer Foundation and the University of California, Santa Barbara.
|
| 504 |
|
|
|a Includes bibliographical references.
|
| 651 |
|
0 |
|a Germany (West)
|x Foreign relations
|x Congresses.
|
| 700 |
1 |
|
|a Hanrieder, Wolfram F.
|
| 710 |
2 |
|
|a University of California, Santa Barbara.
|
| 710 |
2 |
|
|a Konrad-Adenauer-Stiftung.
|
| 830 |
|
0 |
|a Westview special studies in West European politics and society.
|
| 999 |
|
|
|a MARS
|
| 999 |
f |
f |
|s 908fffda-76e9-3de9-b378-38c2c101f9e3
|i 81b9f99f-05bc-3da0-84f7-7adabe90733e
|t 0
|
| 952 |
f |
f |
|p normal
|a Texas A&M University
|b College Station
|c Sterling C. Evans Library
|d Evans: Library Stacks
|t 0
|e DD259.4 .W426
|h Library of Congress classification
|i unmediated -- volume
|m A14801978130
|
| 998 |
f |
f |
|a DD259.4 .W426
|t 0
|l Evans: Library Stacks
|